| 000 | 01026nam0a2200289 4500 | ||
|---|---|---|---|
| 001 | RU\NLR\bibl\2075367 | ||
| 005 | 20250616222903.0 | ||
| 010 |
_a978-5-86775-184-5 _925000 |
||
| 021 |
_aRU _b2013-66392 _94545 |
||
| 035 | _a(RuMoRGB)008812387 | ||
| 035 | _a(NLR Aleph) 002061271 | ||
| 090 |
_a4685259 _c4685259 |
||
| 100 | _a20130925d2013 |||y0rusy50 ca | ||
| 101 | 0 | _arus | |
| 102 | _aRU | ||
| 105 | _aa ||||||||| | ||
| 200 | 1 |
_aПластилиновые картинки _eдля занятий с детьми от 2 до 3 лет _e[пособие _fЕ. Янушко _gстихи: А. Андреева] |
|
| 210 |
_aМосква _cМозаика-Синтез _d2013 |
||
| 215 | _d29 | ||
| 225 | 1 |
_aШкола семи гномов _eТретий год |
|
| 700 | 1 |
_aЯнушко _bЕ _4070 |
|
| 801 | 0 |
_aRU _bNLR _c20130925 _gRCR |
|
| 801 | 1 |
_aRU _bNLR _c20130925 |
|
| 942 | _cBOOK | ||
| 980 | _aNB | ||